000 00254nam a2200109Ia 4500
008 220204s9999 xx 000 0 und d
082 _a82-3
_bDIC
100 _aDickens, Charles
245 2 _aA Tale of two cities
260 _aDelhi
_bS Chand
942 _cBK
999 _c35533
_d35533